Oscar Nominated MCU Actors - Sudden Death - Statistics

General Stats
  • This quiz has been taken 168 times
    143 since last reset
  • The average score is 8 of 28
Answers on the Grid
Answers color-coded by a green-red scale on the quiz's grid according to % correct below.
Robert Downey Jr.
Samuel L. Jackson
Angela Bassett
Dale Dickey
Paul Rudd
Evangeline Lilly
Jeremy Renner
Anthony Hopkins
Danai Gurira
Tobey Maguire
Chris Evans
Karen Gillan
Scarlett Johansson
Christopher Eccleston
Edward Norton
Chadwick Boseman
Gwyneth Paltrow
Josh Brolin
Zoe Saldana
Paul Bettany
Tim Roth
Andrew Garfield
Zendaya
Tommy Lee Jones
Rene Russo
Elizabeth Olsen
Anthony Mackie
Chris Pratt
Lupita Nyong'o
Tom Hiddleston
Harrison Ford
Tom Holland
Jeff Bridges
Michelle Pfeiffer
Hugo Weaving
Christian Bale
Forest Whitaker
Willem Dafoe
Sam Rockwell
Toby Jones
Marisa Tomei
Glenn Close
Thomas Haden Church
Jamie Foxx
Sylvester Stallone
Hayley Atwell
Terrence Howard
Bill Murray
Russell Crowe
 
Answer Stats
Answer % Correct
Robert Downey Jr.
89%
Samuel L. Jackson
86%
Angela Bassett
64%
Anthony Hopkins
64%
Scarlett Johansson
51%
Edward Norton
47%
Jeremy Renner
44%
Gwyneth Paltrow
41%
Chadwick Boseman
39%
Josh Brolin
26%
Lupita Nyong'o
21%
Russell Crowe
21%
Jamie Foxx
18%
Christian Bale
14%
Jeff Bridges
14%
Marisa Tomei
14%
Tommy Lee Jones
14%
Bill Murray
13%
Forest Whitaker
13%
Willem Dafoe
13%
Glenn Close
12%
Harrison Ford
11%
Sam Rockwell
11%
Sylvester Stallone
11%
Terrence Howard
7%
Michelle Pfeiffer
6%
Tim Roth
5%
Thomas Haden Church
1%
No matching quizzes found
Score Distribution
Percent of People with Each Score
Percentile by Number Answered
Your Score History
You have not taken this quiz since the last reset